000 00925nam a22001817a 4500
003 JO-AjAnu
005 20240813120527.0
008 240813b jo ||||| |||| 00| 0 ara d
020 _a9789923258453
040 _aJO-AjAnu
_bara
_cJO-AjAnu
041 _hara
111 _aالمؤتمر العلمي السادس لكلية الأعمال - الاقتصاد الرقمي : الواقع والطموح، جامعة عجلون الوطنية/كلية الأعمال (27-28) / 7 / 2024 ، الجزء الأول
_966141
245 _aالاقتصاد الرقمي الواقع والطموح
_c/ المؤتمر العلمي السادس لكلية الأعمال (27-28)/ 7 /2024 ، الجزء الأول
260 _aعجلون :
_bجامعة عجلون الوطنية-كلية الأعمال ,
_c2024
300 _a886 ورقة
650 _vالاقتصاد الرقمي-الواقع والطموح
942 _2lcc
_cREF
_n0
999 _c33642
_d33642